Wines of Italy - Statistics

General Stats
  • This quiz has been taken 140 times
  • The average score is 6 of 15
Answer Stats
Hints Answer % Correct
This island is where they make Marsala. Don Corleone is from here. sicily
77%
Glara grape generally vat fermented with less effervescence than the above Prosecco
68%
Nebbiolo grape. Piedmonte. Softer than Barolo. barbaresco
63%
Most widely grown grape in Italy (yes, a grape on this one) sangiovese
61%
This island is where they make Vermentino di Vallura sardinia
54%
NegroAmaro is a red grape that is grown almost exclusively in this state (hint: boot heel) puglia
48%
Veneto. The simple, non-recioto Corvina blend. Amarone's little brother. Some are "Ripasso" style valpolicella
43%
A French blush style wine is a Rose. An Italian pink wine is called a ________ rosato
37%
Tuscany. Requires 36 months in Slovenian Oak barriques. Sangiovese Grosso subvarietal. brunello
36%
Tuscany. 2 levels: Rosso and Vino Nobile di____________ montalcino
24%
The Garganega grape makes this white wine soave
24%
The only sparkling Italian to require secondary bottle fermentation franciacorta
22%
This common designation is often used by "Super" Tuscan wines that use grape varietals not included in their DOC or DOCG. Many use Bordeaux grapes like Cabernet and Merlot to blend with Sangiovese. igt
21%
Name shortened to omit "Cortese d'..." Gavi
20%
Red Aglianico from Campania taurasi
13%
No matching quizzes found
Score Distribution
Percent of People with Each Score
Percentile by Number Answered
Your Score History
You have not taken this quiz